Minecraft Mobs: Creeper - Statistics

General Stats
  • This quiz has been taken 22 times
  • The average score is 7 of 11
Answer Stats
Question Answer % Correct
How many health points does a creeper have? 20
80%
What is a creeper's width in blocks? 0.6
70%
What is a creeper's height in blocks? 1.7
70%
What is one mob that can drop its head if killed by a charged creeper? Creeper | Piglin | Skeleton | Wither Skeleton | Zombie
65%
What is one mob that creepers are scared of? Cat | Ocelot
60%
What item can a creeper drop when killed normally? Gunpowder
60%
What is the maximum light level a creeper can spawn at? 0
55%
What is one item that can force a creeper to explode when used on it? Flint and Steel | Fire Charge
55%
What charges a creeper? Lightning
50%
What item does a creeper drop if killed by a skeleton? Music Disc
50%
What is one biome the creeper can't spawn in? Deep Dark | Mushroom Fields
35%
No matching quizzes found
Score Distribution
Percent of People with Each Score
Percentile by Number Answered
Your Score History
You have not taken this quiz